Città dell'Europeo Portogallo 2004 - Statistics

Statistiche generali
  • Questo quiz è stato fatto 19 volte
  • Il punteggio medio è 4 su 8
Statistiche sulle risposte
con Immagini Risposta % Corretto
Lisbona
100%
Porto
94%
Braga
59%
Faro
47%
Coimbra
41%
Aveiro
35%
Guimarães
24%
Leiria
12%
Nessun quiz corrispondente trovato
Distribuzione punteggi
Percentuale di utenti per punteggio
Percentile per numero di risposta
I tuoi punteggi nel tempo
Non hai fatto questo quiz